Quản lí các quá trình xã hội trong xã hội xã hội chủ nghĩa Sách giáo khoa phương pháp dùng cho học viên các trường Đảng cao cấp LX
Đã lưu trong:
| 主要作者: | |
|---|---|
| 格式: | 图书 |
| 出版: |
H.
[Chính trị]
1981
Mat_Cơ_Va Tư tưởng 1979 |
| 主题: | |
| 标签: |
添加标签
没有标签, 成为第一个标记此记录!
|
| Thư viện lưu trữ: | Trung tâm Học liệu Lê Vũ Hùng, Trường Đại học Đồng Tháp |
|---|
| LEADER | 00995pam a22002298a 4500 | ||
|---|---|---|---|
| 001 | 00000493 | ||
| 005 | 20171026081022.0 | ||
| 008 | 110321s1981 ||||||Viesd | ||
| 041 | 0 | # | |a Vie |
| 082 | 1 | 4 | |a 303 |b QU105L |
| 100 | 0 | # | |a D! Đa_Nhi_En_Cô |e Chủ biên |
| 245 | 0 | 0 | |a Quản lí các quá trình xã hội trong xã hội xã hội chủ nghĩa |b Sách giáo khoa phương pháp dùng cho học viên các trường Đảng cao cấp LX |c D! Đa_Nhi_En_Cô |
| 260 | # | # | |a H. |b [Chính trị] |c 1981 |
| 260 | # | # | |a Mat_Cơ_Va |b Tư tưởng |c 1979 |
| 300 | # | # | |a 295 tr. |c 19 cm. |
| 500 | # | # | |a Tài liệu tham khảo cho giảng viên lý luận Mac_Lênin |
| 650 | # | 4 | |a Chủ nghĩa xã hội |
| 653 | # | # | |a Quản lí |a Quá trình xã hội |a xã hội chủ nghĩa |
| 852 | # | # | |b Kho đọc |j KD.0000576 |
| 852 | # | # | |j KD.0000576 |
| 910 | |d 21/03/2011 | ||
| 980 | # | # | |a Trung tâm Học liệu Lê Vũ Hùng, Trường Đại học Đồng Tháp |